[Event "DEM U8 2023"]
[Site "Willingen GER"]
[Date "2023.05.31"]
[Round "1"]
[White "Müller, Konstantin"]
[Black "Mudriievskyi, Jan"]
[Result "1-0"]
[Termination "normal"]
[Board "1"]
[WhiteElo "1568"]
[BlackElo "1062"]
[PlyCount "137"]
[WhiteFideId "34661778"]
[BlackFideId "34676473"]
[EventCountry "GER"]
[EventRounds "7"]
[EventType "swiss"]
[EventDate "2023.05.30"]

1. e4 e5 2. Nf3 Nc6 3. Bb5 Bc5 4. O-O d6 5. d4 exd4 6. Nxd4 Bd7 7. Be3 Nf6 8.
Nc3 O-O 9. Nxc6 Bxc6 10. Bxc6 bxc6 11. Bxc5 dxc5 12. Qf3 Rb8 13. Rad1 Qe7 14.
b3 Rbd8 15. Rd3 Rd4 16. Rfd1 Rfd8 17. Qe3 Rxd3 18. Rxd3 Rxd3 19. cxd3 Qe5 20.
Qc1 Qd4 21. Qc2 h6 22. h3 Nd7 23. Ne2 Qb4 24. Kf1 a5 25. Ng3 Qd4 26. Nf5 Qe5
27. Ne3 Nb6 28. Ke2 f6 29. a4 Kf8 30. Nc4 Nxc4 31. Qxc4 Qd4 32. Qe6 Qd6 33.
Qc8+ Ke7 34. Qa6 Qd4 35. Qxa5 Qb2+ 36. Kf3 Qxb3 37. Qxc7+ Kf8 38. Qd6+ Kf7 39.
Qxc5 Qxa4 40. Qc4+ Qxc4 41. dxc4 Ke6 42. Ke3 c5 43. g3 g5 44. Kd3 Ke5 45. f3 h5
46. Kc3 h4 47. gxh4 gxh4 48. Kd3 Kf4 49. Ke2 Kg3 50. Ke3 Kxh3 51. Kf2 Kh2 52.
f4 Kh3 53. e5 fxe5 54. fxe5 Kg4 55. e6 Kf5 56. e7 Ke4 57. e8=Q+ Kd4 58. Qd8+
Kxc4 59. Qxh4+ Kb3 60. Qf4 c4 61. Qc1 c3 62. Ke3 Kc4 63. Qc2 Kb4 64. Kd4 Kb5
65. Qxc3 Kb6 66. Qc8 Kb5 67. Qb7+ Ka4 68. Kc4 Ka3 69. Qb3# 1-0

[Event "DEM U8 2023"]
[Site "Willingen GER"]
[Date "2023.05.31"]
[Round "1"]
[White "Öhrlein, Frederik"]
[Black "Thirumal, Shravan"]
[Result "0-1"]
[Termination "normal"]
[Board "2"]
[WhiteElo "1061"]
[BlackElo "1118"]
[PlyCount "106"]
[WhiteFideId "34687556"]
[BlackFideId "34625356"]
[EventCountry "GER"]
[EventRounds "7"]
[EventType "swiss"]
[EventDate "2023.05.30"]

1. e4 d6 2. d4 Nf6 3. Nc3 g6 4. Nf3 Bg7 5. Be3 c6 6. Bd3 O-O 7. h3 b5 8. g4
Nbd7 9. Qd2 a5 10. Bh6 a4 11. g5 Ne8 12. e5 Bb7 13. exd6 Nxd6 14. h4 c5 15.
Bxg7 Kxg7 16. d5 b4 17. Ne2 Bxd5 18. Bb5 Bxf3 19. Rh3 Bg4 20. Bxd7 Qxd7 21. Rg3
Qf5 22. Nd4 Qe5+ 23. Qe3 Qxe3+ 24. fxe3 cxd4 25. Rxg4 Nf5 26. exd4 Ne3 27. Kf2
Nxg4+ 28. Kf3 Nf6 29. gxf6+ Kxf6 30. c3 bxc3 31. bxc3 Rfc8 32. Rc1 Kf5 33. c4
e5 34. dxe5 Kxe5 35. Ke3 h5 36. a3 Rab8 37. Rc3 Rb3 38. Kd3 Rxc3+ 39. Kxc3 Ke4
40. c5 Rxc5+ 41. Kb4 Rc8 42. Kxa4 f5 43. Ka5 f4 44. a4 Ra8+ 45. Kb5 Rxa4 46.
Kxa4 f3 47. Kb4 f2 48. Kc3 f1=Q 49. Kb2 Qd3 50. Ka1 Qd2 51. Kb1 Kd3 52. Ka1 Kc3
53. Kb1 Qb2# 0-1

[Event "DEM U8 2023"]
[Site "Willingen GER"]
[Date "2023.05.31"]
[Round "1"]
[White "Schmidt, Jan"]
[Black "Golnik, Rasmus"]
[Result "1-0"]
[Termination "normal"]
[Board "3"]
[WhiteElo "1291"]
[BlackElo "1052"]
[PlyCount "117"]
[WhiteFideId "34625682"]
[EventCountry "GER"]
[EventRounds "7"]
[EventType "swiss"]
[EventDate "2023.05.30"]

1. e4 e5 2. Nf3 Nf6 3. Nc3 Nc6 4. Bc4 Nxe4 5. Nxe4 d5 6. Bxd5 Qxd5 7. d3 Bf5 8.
Nc3 Qd7 9. O-O Bc5 10. Re1 O-O 11. Be3 Bxe3 12. Rxe3 Rfe8 13. Qd2 e4 14. dxe4
Qxd2 15. Nxd2 Bd7 16. Nf3 Nb4 17. Re2 Bg4 18. a3 Bxf3 19. gxf3 Nc6 20. Rd1 Rad8
21. Nd5 Ne5 22. Kg2 c6 23. Nc3 Rxd1 24. Nxd1 Ng6 25. Rd2 h6 26. Kf1 Nf4 27. Nc3
g6 28. Ne2 Nxe2 29. Kxe2 f5 30. Ke3 g5 31. Rd7 fxe4 32. fxe4 b6 33. Rxa7 h5 34.
Ra6 Rb8 35. f3 c5 36. h3 b5 37. Rg6+ Kf8 38. Rxg5 b4 39. Rxh5 b3 40. Rh8+ Ke7
41. Rxb8 bxc2 42. Kd2 c1=Q+ 43. Kxc1 Kd6 44. Rc8 Ke5 45. Rxc5+ Kf4 46. h4 Kxf3
47. h5 Kxe4 48. h6 Kd4 49. h7 Kxc5 50. h8=Q Kd5 51. Qc8 Kd4 52. a4 Kd5 53. a5
Ke4 54. a6 Ke5 55. a7 Kd4 56. a8=Q Ke5 57. Qaa6 Kd4 58. Qd8+ Ke5 59. Qaf6+ 1-0

[Event "DEM U8 2023"]
[Site "Willingen GER"]
[Date "2023.05.31"]
[Round "1"]
[White "Roscher, Simon"]
[Black "Grimm, Jakob"]
[Result "0-1"]
[Termination "normal"]
[Board "4"]
[WhiteElo "1051"]
[BlackElo "1272"]
[PlyCount "96"]
[WhiteFideId "34673130"]
[BlackFideId "34635645"]
[EventCountry "GER"]
[EventRounds "7"]
[EventType "swiss"]
[EventDate "2023.05.30"]

1. e4 e5 2. Nc3 Nf6 3. f4 d5 4. fxe5 Nxe4 5. Qf3 Nxc3 6. bxc3 Nc6 7. d4 Be6 8.
Bb2 Qd7 9. g3 Bf5 10. Bg2 Bxc2 11. Ne2 Be4 12. Qf2 Bxg2 13. Qxg2 Na5 14. O-O
Nc4 15. Nf4 Ne3 16. Qf3 Nxf1 17. Rxf1 c6 18. c4 O-O-O 19. Qb3 dxc4 20. Qxc4 Qc7
21. e6 Qb6 22. Rb1 Rxd4 23. Bxd4 Qxb1+ 24. Kf2 Qb5 25. Qc1 Qa4 26. Qd2 c5 27.
Be5 c4 28. Nd5 fxe6 29. Nc7 Qd7 30. Qa5 Qc6 31. Nxe6 Qb6+ 32. Qxb6 axb6 33.
Nxg7 Bxg7 34. Bxg7 Rg8 35. Ba1 Kd7 36. Ke3 Ra8 37. Ke4 Rxa2 38. Bh8 Rxh2 39.
Kf3 b5 40. Ke3 b4 41. Kd4 c3 42. Kc4 c2 43. Kxb4 c1=Q 44. Bg7 Rb2+ 45. Bxb2
Qxb2+ 46. Ka4 b6 47. g4 b5+ 48. Ka5 Qa3+ 0-1

[Event "DEM U8 2023"]
[Site "Willingen GER"]
[Date "2023.05.31"]
[Round "1"]
[White "Rössling, Johannes"]
[Black "Schubert, Ben"]
[Result "1-0"]
[Termination "normal"]
[Board "5"]
[WhiteElo "1328"]
[BlackElo "1049"]
[PlyCount "61"]
[WhiteFideId "34642773"]
[BlackFideId "34692266"]
[EventCountry "GER"]
[EventRounds "7"]
[EventType "swiss"]
[EventDate "2023.05.30"]

1. e4 e5 2. Nf3 Nc6 3. Bc4 Bc5 4. c3 Nf6 5. d4 exd4 6. e5 d5 7. Bb5 Qe7 8. O-O
Nd7 9. Bg5 Qf8 10. cxd4 f6 11. Bxc6 bxc6 12. dxc5 fxg5 13. Nxg5 Nxe5 14. Re1
Qf6 15. Nf3 Bg4 16. h3 Bxf3 17. Qxf3 O-O 18. Qc3 Qxf2+ 19. Kh1 Nc4 20. b3 Nd2
21. Nxd2 d4 22. Qc4+ Kh8 23. Ne4 Qf4 24. Qxd4 Rad8 25. Qe3 Qe5 26. Ng5 Rf1+ 27.
Rxf1 Qxe3 28. Nf7+ Kg8 29. Nxd8 Qxc5 30. Ne6 Qe5 31. Rf8# 1-0

[Event "DEM U8 2023"]
[Site "Willingen GER"]
[Date "2023.05.31"]
[Round "1"]
[White "Filis, Leon"]
[Black "Schmidt, Alexander Nadvid"]
[Result "1/2-1/2"]
[Termination "normal"]
[Board "6"]
[WhiteElo "1046"]
[BlackElo "1256"]
[PlyCount "32"]
[WhiteFideId "34611436"]
[BlackFideId "34661360"]
[EventCountry "GER"]
[EventRounds "7"]
[EventType "swiss"]
[EventDate "2023.05.30"]

1. d4 Nf6 2. Nc3 g6 3. e4 d6 4. Bf4 Bg7 5. Qd2 d5 6. exd5 Nxd5 7. Nxd5 Qxd5 8.
Bxc7 Bxd4 9. O-O-O e5 10. Bxe5 Qxa2 11. Qxd4 O-O 12. Bh8 Qa1+ 13. Kd2 Qa5+ 14.
Kc1 Qa1+ 15. Kd2 Qa5+ 16. Kc1 Qa1+ 1/2-1/2

[Event "DEM U8 2023"]
[Site "Willingen GER"]
[Date "2023.05.31"]
[Round "1"]
[White "Wolf, Adam"]
[Black "Liu, Jonas"]
[Result "0-1"]
[Termination "normal"]
[Board "7"]
[WhiteElo "1256"]
[BlackElo "1039"]
[PlyCount "130"]
[WhiteFideId "34623426"]
[BlackFideId "34660941"]
[EventCountry "GER"]
[EventRounds "7"]
[EventType "swiss"]
[EventDate "2023.05.30"]

1. e4 c5 2. Nf3 d6 3. d4 cxd4 4. Nxd4 Nf6 5. Nc3 g6 6. Bd3 Bg7 7. O-O O-O 8.
Re1 Nc6 9. Nb3 Bd7 10. Be3 Ne5 11. Bd4 Nxd3 12. Qxd3 Rc8 13. Bxa7 b6 14. Qa6
Rc6 15. Nd4 Rc8 16. Qxb6 Qxb6 17. Bxb6 Rb8 18. Ba5 Rxb2 19. Rab1 Rxb1 20. Rxb1
Nxe4 21. Nxe4 Bxd4 22. Rb7 Ra8 23. c3 Bc6 24. Rxe7 Be5 25. Bb4 Bxe4 26. Bxd6
Bxd6 27. Rxe4 Rxa2 28. f3 Bc5+ 29. Kf1 Kg7 30. Rc4 Be7 31. Re4 Bf6 32. c4 g5
33. Rg4 h5 34. Rg3 Kg6 35. h4 Ra5 36. Ke2 Kh6 37. hxg5+ Rxg5 38. Rxg5 Kxg5 39.
Ke3 Kh4 40. Kf4 Bg5+ 41. Kf5 Be3 42. c5 Bxc5 43. g4 Be7 44. Kf4 Bg5+ 45. Kf5
hxg4 46. fxg4 f6 47. Ke4 Kxg4 48. Kd3 f5 49. Ke2 Bh4 50. Kf1 Kg3 51. Kg1 f4 52.
Kf1 f3 53. Kg1 f2+ 54. Kf1 Bg5 55. Ke2 Kg2 56. Kd3 f1=Q+ 57. Ke4 Qf4+ 58. Kd5
Be7 59. Kc6 Qd6+ 60. Kb7 Kf3 61. Ka8 Ke4 62. Kb7 Kd5 63. Ka8 Kc6 64. Ka7 Qc7+
65. Ka8 Qb7# 0-1

[Event "DEM U8 2023"]
[Site "Willingen GER"]
[Date "2023.05.31"]
[Round "1"]
[White "Saeidi, Fardin Jahan"]
[Black "Besou, Jad"]
[Result "1/2-1/2"]
[Termination "normal"]
[Board "8"]
[WhiteElo "1037"]
[BlackElo "1235"]
[PlyCount "40"]
[WhiteFideId "34658360"]
[BlackFideId "34631348"]
[EventCountry "GER"]
[EventRounds "7"]
[EventType "swiss"]
[EventDate "2023.05.30"]

1. e4 e5 2. Nf3 Nc6 3. d4 exd4 4. Bc4 Be7 5. c3 Nf6 6. e5 Ng8 7. O-O d5 8. exd6
Bxd6 9. cxd4 Nge7 10. Ng5 O-O 11. Qh5 h6 12. Nxf7 Rxf7 13. Qxf7+ Kh8 14. Bd3
Qg8 15. Qh5 Qd5 16. Qe8+ Qg8 17. Qxg8+ Kxg8 18. Be3 Bf5 19. Bc4+ Kf8 20. Nc3
Bg6 1/2-1/2

[Event "DEM U8 2023"]
[Site "Willingen GER"]
[Date "2023.05.31"]
[Round "1"]
[White "Belov, Artemii"]
[Black "Trunz, Daniel"]
[Result "1-0"]
[Termination "normal"]
[Board "9"]
[WhiteElo "1229"]
[BlackElo "1086"]
[PlyCount "107"]
[WhiteFideId "34665234"]
[BlackFideId "34640797"]
[EventCountry "GER"]
[EventRounds "7"]
[EventType "swiss"]
[EventDate "2023.05.30"]

1. e4 e5 2. Nf3 Nf6 3. Nxe5 Qe7 4. Nf3 Qxe4+ 5. Be2 Nc6 6. O-O Bc5 7. Nc3 Qe7
8. d4 Bb4 9. Re1 O-O 10. Bc4 Qd6 11. Be3 b6 12. a3 Bxc3 13. bxc3 Bb7 14. Qd2
Ne4 15. Qd3 Ne7 16. d5 Nf6 17. Bg5 Nfxd5 18. Bxe7 Nxe7 19. Qxd6 cxd6 20. Rxe7
Bc6 21. Nd4 d5 22. Nxc6 dxc4 23. Rxd7 Rfc8 24. Ne7+ Kf8 25. Nxc8 Rxc8 26. Rad1
a5 27. Rd8+ Rxd8 28. Rxd8+ Ke7 29. Rb8 Kd6 30. Rxb6+ Kc5 31. Rb2 f5 32. Kf1 g5
33. Ke2 h5 34. Ke3 Kd5 35. Rb5+ Ke6 36. f4 gxf4+ 37. Kxf4 Kd6 38. Rxa5 Kc6 39.
Rxf5 Kb6 40. Rxh5 Kc6 41. Ke4 Kd6 42. Ra5 Kc6 43. Kd4 Kb6 44. Rh5 Kc6 45. Rg5
Kb6 46. Kxc4 Ka6 47. h4 Kb7 48. h5 Kc7 49. h6 Kd7 50. h7 Ke7 51. h8=Q Ke6 52.
Rg6+ Kd7 53. Qh7+ Ke8 54. Rg8# 1-0

[Event "DEM U8 2023"]
[Site "Willingen GER"]
[Date "2023.05.31"]
[Round "1"]
[White "Ranganathan, Aadith"]
[Black "Estrin, Boris"]
[Result "1-0"]
[Termination "normal"]
[Board "10"]
[WhiteElo "1002"]
[BlackElo "1205"]
[PlyCount "85"]
[WhiteFideId "34667121"]
[BlackFideId "34649859"]
[EventCountry "GER"]
[EventRounds "7"]
[EventType "swiss"]
[EventDate "2023.05.30"]

1. e4 c5 2. Nf3 Nc6 3. Be2 d6 4. O-O Nf6 5. Nc3 e6 6. d3 Be7 7. Bg5 O-O 8. Qd2
Nd4 9. Nxd4 cxd4 10. Nb5 Nxe4 11. Bxe7 Nxd2 12. Bxd8 Nxf1 13. Be7 Re8 14. Nc7
Rxe7 15. Nxa8 Nd2 16. Rd1 b6 17. Rxd2 Bb7 18. Bf3 d5 19. Nxb6 axb6 20. h3 e5
21. Bg4 h6 22. c3 dxc3 23. bxc3 Rc7 24. Rc2 d4 25. c4 Bd5 26. Rb2 Be6 27. Bxe6
fxe6 28. Rxb6 e4 29. Rd6 e5 30. dxe4 Rxc4 31. Kf1 Rc2 32. Rd5 Rxa2 33. Rxe5 Ra4
34. Ke2 Kf7 35. Kd3 Ra2 36. Rf5+ Ke6 37. Kxd4 Ra4+ 38. Ke3 Ra3+ 39. Kf4 g5+ 40.
Kg4 Ra4 41. f3 Ra8 42. h4 Rg8 43. hxg5 1-0

[Event "DEM U8 2023"]
[Site "Willingen GER"]
[Date "2023.05.31"]
[Round "1"]
[White "Stopp, Bruno"]
[Black "Schimming, Wilhelm"]
[Result "1-0"]
[Termination "normal"]
[Board "11"]
[WhiteElo "1170"]
[BlackElo "983"]
[PlyCount "61"]
[WhiteFideId "34640347"]
[BlackFideId "34662030"]
[EventCountry "GER"]
[EventRounds "7"]
[EventType "swiss"]
[EventDate "2023.05.30"]

1. e4 c5 2. Nf3 d6 3. Bc4 Nf6 4. d3 e6 5. Nc3 a6 6. Bg5 b5 7. Bb3 Be7 8. Qd2
Bb7 9. O-O O-O 10. Rfe1 Re8 11. Rad1 Qd7 12. a3 Nc6 13. d4 c4 14. Ba2 Rad8 15.
b3 d5 16. e5 Nh5 17. g4 f6 18. Be3 fxe5 19. gxh5 Rf8 20. Nxe5 Nxe5 21. dxe5 Qc6
22. Qd4 Rf5 23. Qb6 Qd7 24. Ne4 Rxe5 25. Bf4 Rxh5 26. Ng3 Rh4 27. Qc7 Qxc7 28.
Bxc7 Rd7 29. Ba5 Bxa3 30. Rxe6 b4 31. bxc4 1-0

[Event "DEM U8 2023"]
[Site "Willingen GER"]
[Date "2023.05.31"]
[Round "1"]
[White "Hornych, Fridtjof"]
[Black "Pragatheswarakumar, Krish Keerthan"]
[Result "0-1"]
[Termination "normal"]
[Board "12"]
[WhiteElo "963"]
[BlackElo "1152"]
[PlyCount "86"]
[BlackFideId "34679359"]
[EventCountry "GER"]
[EventRounds "7"]
[EventType "swiss"]
[EventDate "2023.05.30"]

1. e4 e5 2. Nf3 Nc6 3. Bb5 a6 4. Bxc6 dxc6 5. O-O Bd6 6. Nc3 Nf6 7. d3 O-O 8.
Bg5 h6 9. Bh4 Bg4 10. h3 Be6 11. d4 exd4 12. Qxd4 Be7 13. Qxd8 Bxd8 14. Rad1
Re8 15. Rfe1 Be7 16. e5 Nd5 17. Nxd5 Bxd5 18. Bxe7 Rxe7 19. a3 Rae8 20. Rd3
Bxf3 21. Rxf3 Rxe5 22. Rd1 Re1+ 23. Rxe1 Rxe1+ 24. Kh2 Re2 25. Rb3 b6 26. Rc3
c5 27. f3 Kf8 28. b4 Re5 29. bxc5 Rxc5 30. Rxc5 bxc5 31. Kg3 Ke7 32. Kf4 Ke6
33. Ke4 Kd6 34. Kd3 Kd5 35. Kc3 c4 36. Kb4 Kd4 37. c3+ Kd3 38. f4 a5+ 39. Kc5
Kxc3 40. Kd5 Kd3 41. g4 c3 42. g5 c2 43. gxh6 gxh6 0-1

[Event "DEM U8 2023"]
[Site "Willingen GER"]
[Date "2023.05.31"]
[Round "1"]
[White "Alloussi, Arian"]
[Black "Chupikov, Mark"]
[Result "1-0"]
[Termination "normal"]
[Board "13"]
[WhiteElo "1174"]
[BlackElo "958"]
[PlyCount "53"]
[WhiteFideId "34637788"]
[BlackFideId "34680721"]
[EventCountry "GER"]
[EventRounds "7"]
[EventType "swiss"]
[EventDate "2023.05.30"]

1. e4 e5 2. Nf3 Nc6 3. Bc4 Bc5 4. c3 Nf6 5. d3 O-O 6. Be3 Bxe3 7. fxe3 a6 8.
O-O b5 9. Bb3 Re8 10. Ng5 d6 11. Nxf7 Qe7 12. Nxd6+ Be6 13. Bxe6+ Qxe6 14. Nxe8
Qxe8 15. Nd2 Rd8 16. Nf3 b4 17. Qc2 bxc3 18. Qxc3 Qd7 19. Rad1 Qd6 20. Qc4+ Kh8
21. Ng5 Qf8 22. Nf7+ Kg8 23. Nxd8+ Kh8 24. Nxc6 Qg8 25. Nxe5 Qxc4 26. Nxc4 Ng4
27. Rf8# 1-0

[Event "DEM U8 2023"]
[Site "Willingen GER"]
[Date "2023.05.31"]
[Round "1"]
[White "Graf, Tom"]
[Black "Nguyen-Trung, Atticus"]
[Result "1-0"]
[Termination "normal"]
[Board "15"]
[WhiteElo "1095"]
[BlackElo "920"]
[PlyCount "107"]
[WhiteFideId "34622420"]
[BlackFideId "34670041"]
[EventCountry "GER"]
[EventRounds "7"]
[EventType "swiss"]
[EventDate "2023.05.30"]

1. e4 e5 2. Nf3 Nc6 3. Bc4 Bc5 4. Nc3 Nf6 5. d3 d6 6. h3 h6 7. Be3 Nd4 8. Bxd4
Bxd4 9. Nxd4 exd4 10. Ne2 c5 11. c3 dxc3 12. Nxc3 b6 13. Qb3 O-O 14. O-O Qe7
15. Nd5 Nxd5 16. Bxd5 Bb7 17. Bxb7 Qxb7 18. f4 Rae8 19. f5 Qe7 20. Qc3 Qe5 21.
Qxe5 Rxe5 22. Rae1 d5 23. Rf3 d4 24. Rg3 f6 25. Rg6 Kh7 26. Rf1 Rg8 27. Kh2 h5
28. Kg3 c4 29. Kf4 cxd3 30. Rd1 Rge8 31. Rxd3 Rxe4+ 32. Kf3 Re3+ 33. Rxe3 dxe3
34. Ke2 a5 35. Rg3 Kh6 36. Rxe3 Rxe3+ 37. Kxe3 g5 38. fxg6 Kxg6 39. Kf4 f5 40.
h4 b5 41. Ke5 a4 42. a3 Kh6 43. Kxf5 Kh7 44. Kg5 Kg7 45. Kxh5 Kf6 46. g4 Ke5
47. g5 Kd4 48. g6 Kc4 49. g7 Kb3 50. g8=Q+ Kxb2 51. Qg3 b4 52. axb4 a3 53.
Qxa3+ Kxa3 54. b5 1-0

[Event "DEM U8 2023"]
[Site "Willingen GER"]
[Date "2023.05.31"]
[Round "1"]
[White "Guan, Guoyou"]
[Black "Stojanoski, Stefan"]
[Result "0-1"]
[Termination "normal"]
[Board "16"]
[WhiteElo "883"]
[BlackElo "1133"]
[PlyCount "60"]
[WhiteFideId "34649492"]
[BlackFideId "34632948"]
[EventCountry "GER"]
[EventRounds "7"]
[EventType "swiss"]
[EventDate "2023.05.30"]

1. e4 e5 2. Nf3 Nc6 3. d4 exd4 4. Nxd4 Bc5 5. Be3 Qf6 6. Nxc6 Bxe3 7. fxe3 bxc6
8. Nc3 Ne7 9. Bc4 O-O 10. Qd2 d6 11. O-O-O Be6 12. Rhf1 Qg6 13. Bxe6 Qxe6 14.
h3 Rab8 15. a3 Rb7 16. g4 Rfb8 17. b3 c5 18. Rh1 c4 19. b4 a6 20. g5 Nc6 21. h4
a5 22. Qd5 axb4 23. axb4 Qxd5 24. exd5 Nxb4 25. h5 Ra8 26. h6 g6 27. Rhf1 Na2+
28. Nxa2 Rxa2 29. Rd4 c3 30. Rdf4 Ra1# 0-1

[Event "DEM U8 2023"]
[Site "Willingen GER"]
[Date "2023.05.31"]
[Round "1"]
[White "Reese, Oscar"]
[Black "Chaganti, Prahasith Reddy"]
[Result "1-0"]
[Termination "normal"]
[Board "17"]
[WhiteElo "1132"]
[BlackElo "836"]
[PlyCount "95"]
[WhiteFideId "34644474"]
[BlackFideId "34697586"]
[EventCountry "GER"]
[EventRounds "7"]
[EventType "swiss"]
[EventDate "2023.05.30"]

1. e4 e5 2. Nf3 Nc6 3. d4 exd4 4. Nxd4 Bc5 5. Be3 Qf6 6. c3 Qg6 7. Nxc6 Qxc6 8.
Bxc5 Qxc5 9. Bd3 Nf6 10. O-O O-O 11. Nd2 d5 12. Nb3 Qd6 13. exd5 Nxd5 14. Qc2
Nf6 15. Rad1 Qf4 16. Rfe1 b6 17. Re7 c5 18. Bf1 Ng4 19. g3 Qf3 20. Bg2 Bf5 21.
Bxf3 Bxc2 22. Rd2 Bxb3 23. axb3 Rad8 24. Rxd8 Rxd8 25. Bxg4 g6 26. Rxa7 Rd2 27.
Rb7 Rxb2 28. Rxb6 c4 29. b4 Rb3 30. Be2 Rxc3 31. Rc6 Rc1+ 32. Kg2 Rb1 33. Rxc4
Rb2 34. Bf1 Kg7 35. Rd4 Kf6 36. b5 Ke5 37. Rf4 f5 38. Ra4 Rd2 39. b6 Rb2 40.
Ra6 Kd5 41. Kh3 Rxf2 42. b7 Rb2 43. Bg2+ Kc5 44. Ra8 g5 45. b8=Q Rb6 46. Qc7+
Kb5 47. Rb8 g4+ 48. Kh4 1-0

[Event "DEM U8 2023"]
[Site "Willingen GER"]
[Date "2023.05.31"]
[Round "1"]
[White "Zentgraf, Raphael"]
[Black "Sriram, Aumkar"]
[Result "0-1"]
[Termination "normal"]
[Board "18"]
[WhiteElo "783"]
[BlackElo "1126"]
[PlyCount "86"]
[WhiteFideId "34684166"]
[BlackFideId "33460477"]
[EventCountry "GER"]
[EventRounds "7"]
[EventType "swiss"]
[EventDate "2023.05.30"]

1. d4 g6 2. Nf3 Bg7 3. Bf4 c5 4. dxc5 Bxb2 5. Nc3 Bxc3+ 6. Nd2 Bxa1 7. Qxa1 Nf6
8. Be5 Nc6 9. g4 Nxe5 10. Qxe5 d6 11. cxd6 Qxd6 12. Qb5+ Qc6 13. Qe5 Qxh1 14.
g5 Qc6 15. Nc4 Qxc4 16. gxf6 Qe6 17. Qb5+ Bd7 18. Qxb7 Bc6 19. Qc7 Qd6 20. Qa5
Qxf6 21. f3 Qh4+ 22. Kd1 Rd8+ 23. Kc1 O-O 24. Qc3 Qf4+ 25. e3 Qxf3 26. Ba6 Rd1+
27. Kb2 Qf6 28. Qxf6 exf6 29. Be2 Rfd8 30. Bxd1 Rxd1 31. c4 Rh1 32. c5 Rxh2+
33. Kb3 g5 34. a3 g4 35. e4 g3 36. e5 g2 37. e6 g1=Q 38. e7 Re2 39. e8=Q+ Rxe8
40. a4 Re4 41. a5 Qg3+ 42. Kb2 Re2+ 43. Kb1 Qe1# 0-1

[Event "DEM U8 2023"]
[Site "Willingen GER"]
[Date "2023.05.31"]
[Round "1"]
[White "Dold, Emil"]
[Black "Mukazhanov, Arslan"]
[Result "0-1"]
[Termination "normal"]
[Board "19"]
[WhiteElo "1113"]
[BlackElo "779"]
[PlyCount "50"]
[BlackFideId "34647686"]
[EventCountry "GER"]
[EventRounds "7"]
[EventType "swiss"]
[EventDate "2023.05.30"]

1. e4 e5 2. Nf3 Nc6 3. Bc4 h6 4. d4 exd4 5. Nxd4 Nxd4 6. Qxd4 d6 7. O-O Nf6 8.
Re1 c5 9. Qd3 Be7 10. Nc3 O-O 11. Qg3 Kh8 12. Bf4 Nh5 13. Qf3 Nxf4 14. Qxf4 Be6
15. Bb5 Bg5 16. Qf3 a6 17. Bd3 b5 18. e5 c4 19. Be4 Rb8 20. exd6 Qxd6 21. Rad1
Qe7 22. Bd5 Rb6 23. Bxe6 Rxe6 24. Nd5 Rxe1+ 25. Rxe1 Qxe1# 0-1

[Event "DEM U8 2023"]
[Site "Willingen GER"]
[Date "2023.05.31"]
[Round "1"]
[White "Fendel, Arsenij"]
[Black "Simon, Benjamin"]
[Result "1-0"]
[Termination "normal"]
[Board "20"]
[WhiteElo "740"]
[BlackElo "1105"]
[PlyCount "55"]
[BlackFideId "34652329"]
[EventCountry "GER"]
[EventRounds "7"]
[EventType "swiss"]
[EventDate "2023.05.30"]

1. e4 e5 2. Nf3 Nf6 3. Nxe5 d6 4. Nf3 Nxe4 5. d3 Nf6 6. Bg5 Be7 7. Nbd2 c6 8.
Be2 h6 9. Bf4 Be6 10. O-O Nbd7 11. Re1 Ng4 12. h3 Ngf6 13. Nd4 Qb6 14. Be3 Qc7
15. Bf3 O-O 16. Ne4 d5 17. Nxf6+ Bxf6 18. Nxe6 fxe6 19. Bh5 Bxb2 20. Rb1 Bc3
21. Re2 Rf5 22. Bg6 Rf6 23. Bh5 Ba5 24. Bd4 e5 25. Ba1 Qd6 26. Bg4 Nf8 27. Bxe5
Qd7 28. Bxd7 1-0